| 000 | 00832nam a2200301 a 4500 | ||
|---|---|---|---|
| 001 | vtls000083427 | ||
| 003 | NLI | ||
| 005 | 20210601194723.0 | ||
| 008 | 101125s1986 ii 001 0 eng | ||
| 020 |
_a8170230942 : _cRs. 50.00 |
||
| 039 | 9 |
_y201011250909 _zVLOAD |
|
| 040 | 0 |
_aNLI _beng _cEntertech-2003 _eAACR2 |
|
| 041 | 0 | _aeng | |
| 044 | _aii | ||
| 082 | 0 | 4 | _a132 |
| 100 | 1 |
_aChauhan, S. S. _9190113 |
|
| 245 | 1 | 0 |
_aMental hygiene : _ba science of adjustment / _cS. S. Chauhan |
| 260 |
_aNew Delhi : _bAllied Publishers, _c1986 |
||
| 300 |
_a323 p. ; _c21 cm. |
||
| 500 | _aIncludes index | ||
| 650 | 0 |
_aHealth _91750 |
|
| 650 | 0 |
_aMental health _911530 |
|
| 887 | _a | ||
| 901 |
_aDB50354 _b18.12.1986 |
||
| 902 | _aE132 C394 | ||
| 949 |
_AVIRTUAITEM _D10000 _X100 _6DBA000050354ENG |
||
| 942 |
_2ddc _cBKS |
||
| 999 |
_aVIRTUA00 _c87564 _d87564 |
||